00753 2200229 4500001002100000005001500021035002000036007000300056008004100059020002200100082001100122084001700133100001300150245011500163250002000278260003200298300002800330500012600358990001300484990001300497990001300510INLIS00000000000806920220302032427 a0010-0322000088ta220302 g 0 ind  a978-602-5621-81-9 a338.04 a338.04 SUM k0 aSumarsid1 aKEWIRAUSAHAAN :bMembentuk mindset mahasiswa dengan pendekatan teori, kasus dan pendekatan praktek /cSumarsid aCetakan Pertama aYogyakarta :bExpert,c2020 a276 hlm. ;c17 x 24 cm. akewirausahaan adalah suatu keberanian untuk melakukan upaya-upaya memenuhi kebutuhan hidup yang dilakukan oleh seseorang. a022.6428 a022.6429 a022.6430